ბათუმის შოთა რუსთაველის სახელმწიფო უნივერსიტეტის ბიბლიოთეკა

Junqueira's Basic Histology : (ბიბ.ჩანაწერი № 57597)

000 -LEADER
fixed length control field 00525nam a22001817a 4500
005 - DATE AND TIME OF LATEST TRANSACTION
control field 20200812120414.0
008 - FIXED-LENGTH DATA ELEMENTS--GENERAL INFORMATION
fixed length control field 200812s2018 enk||||| |||| 00| 0 eng d
041 ## - LANGUAGE CODE
Language code of text/sound track or separate title eng
080 ## - UNIVERSAL DECIMAL CLASSIFICATION NUMBER
Universal Decimal Classification number 611.018+576 M-60
100 ## - MAIN ENTRY--PERSONAL NAME
Personal name Mescher, A. L.
9 (RLIN) 9173
245 ## - TITLE STATEMENT
Title Junqueira's Basic Histology :
Remainder of title Text and Atlas /
250 ## - EDITION STATEMENT
Edition statement Fifteenth Edition
264 ## - PRODUCTION, PUBLICATION, DISTRIBUTION, MANUFACTURE, AND COPYRIGHT NOTICE
Place of production, publication, distribution, manufacture New York :
Name of producer, publisher, distributor, manufacturer McGraw Hill,
Date of production, publication, distribution, manufacture, or copyright notice 2018.
300 ## - PHYSICAL DESCRIPTION
Extent 562 p.
Other physical details ill. ;
Dimensions 30 cm.
653 ## - INDEX TERM--UNCONTROLLED
keyword მედიცინა
653 ## - INDEX TERM--UNCONTROLLED
keyword ჰისტოლოგია
942 ## - ADDED ENTRY ELEMENTS (KOHA)
Source of classification or shelving scheme
Koha item type წიგნი
ეგზემპლარები
Withdrawn status Lost status Source of classification or shelving scheme Damaged status Not for loan Permanent Location Current Location Shelving location Date acquired Cost, normal purchase price Full call number Barcode Date last seen Copy number Price effective from Koha item type Public note
          ბათუმის შოთა რუსთაველის სახელმწიფო უნივერსიტეტის მთავარი ბიბლიოთეკა ბათუმის შოთა რუსთაველის სახელმწიფო უნივერსიტეტის მთავარი ბიბლიოთეკა წიგნსაცავი 2020-08-12 195.00 611.018+576 M-60 60798 2020-08-12 60798 2020-08-12 წიგნი 195 ლ.